00417nam a2200181Ia 4500008004100000020001800041050001600059100002400075245001500099245002700114260001500141260001600156260000900172300001600181300002000197300001000217500000800227170918s9999 xx 000 0 und d a9780545355711 bS474ca 1986 aSender, Ruth Minsky 4aThe cage / cby Ruth Minsky Sender. aNew York : bScholastic, c1986 a264 pages : billustrations ; c17cm. a500